000 00299nam a2200133Ia 4500
005 20251222155132.0
008 251222s9999||||xx |||||||||||||| ||spa||
082 _aINV. 21
100 _aCABALLERO A.
245 0 _aLa Tesis Universitaria
250 _a7ma. ed.
264 _bNo tiene
942 _cLIB
999 _c38845
_d38845